All 50k+ Cities in Panama with a Map - Statistics

General Stats
  • This quiz has been taken 633 times
  • The average score is 4 of 10
Answers on the Map
Answers color-coded by a green-red scale on the quiz's map according to % correct below.
 
Answer Stats
Population City % Correct
430,299 Panama City
99%
81,957 David
58%
51,236 Santiago de Veraguas
38%
315,019 San Miguelito
36%
118,521 La Chorrera
35%
96,676 Arraiján
27%
113,174 Tocumen
25%
103,960 Pacora
22%
55,114 Vista Alegre
22%
127,440 Las Cumbres
11%
No matching quizzes found
Score Distribution
Percent of People with Each Score
Percentile by Number Answered
Your Score History
You have not taken this quiz